Entry Personal Name
Number of records used in: 1
001 - CONTROL NUMBER
003 - CONTROL NUMBER IDENTIFIER
005 - DATE AND TIME OF LATEST TRANSACTION
- control field:
20220922123641.0
008 - FIXED-LENGTH DATA ELEMENTS
- fixed length control field:
990812n| acannaabn |a aaa
010 ## - LIBRARY OF CONGRESS CONTROL NUMBER
- LC control number:
n 99057802
- Canceled/invalid LC control number:
n 00087577
035 ## - SYSTEM CONTROL NUMBER
- System control number:
(OCoLC)oca05047341
040 ## - CATALOGING SOURCE
- Original cataloging agency:
DLC
- Language of cataloging:
eng
- Transcribing agency:
DLC
- Modifying agency:
DLC
- Modifying agency:
MX-SlUA
- Modifying agency:
DLC
100 1# - HEADING--PERSONAL NAME
- Personal name:
Frye, Curtis,
- Dates associated with a name:
1968-
400 1# - SEE FROM TRACING--PERSONAL NAME
- Personal name:
Frye, Curt,
- Dates associated with a name:
1968-
400 1# - SEE FROM TRACING--PERSONAL NAME
- Personal name:
Frye, Curtis D.,
- Dates associated with a name:
1968-
670 ## - SOURCE DATA FOUND
- Source citation:
Master Microsoft Access 2000 visually, 1999:
- Information found:
CIP t.p. (Curtis Frye) data sheet (b. Aug. 2, 1968)
670 ## - SOURCE DATA FOUND
- Source citation:
His Privacy-enhanced business, 2001:
- Information found:
CIP t.p. (Curtis D. Frye) data sheet (b. Aug. 2, 1968)
670 ## - SOURCE DATA FOUND
- Source citation:
Frye, Curtis, 1968- Excel, c2003:
- Information found:
t.p. (Curt Frye)
670 ## - SOURCE DATA FOUND
- Source citation:
Frye, Curtis D. Excel, c2007:
- Information found:
t.p. (Curtis D. Frye)